000 00619cam a22002173a 4500
001 38841
003 PGUSA
005 20140828083846.0
008 120212s2012||||xxu|||||s|||||000 | eng d
040 _aPGUSA
_beng
042 _adc
100 1 _aHutchinson, John Hely
245 1 4 _aThe Commercial Restraints of Ireland
_h[electronic resource] /
_cJohn Hely Hutchinson
260 _bProject Gutenberg,
_c2012
506 _aPublic domain in the USA.
516 _aElectronic text
700 1 _aCarroll, W. G.
830 0 _aProject Gutenberg
_v38841
856 4 0 _uhttp://www.gutenberg.org/ebooks/38841
942 _cEB
999 _c268095
_d268095